[Event "Katowice POL-HUN 10th"]
[Site "Katowice"]
[Date "2023.09.09"]
[Round "4"]
[White "Wilk, Aleksander"]
[Black "Ulasevich, Sergei"]
[Result "0-1"]
[WhiteElo "1731"]
[BlackElo "2246"]
[PlyCount "102"]
[EventDate "2023.09.09"]
[EventType "swiss (rapid)"]
[EventRounds "9"]
[EventCountry "POL"]
[SourceTitle "EXT 2024"]
[Source "ChessBase"]
[SourceDate "2023.10.10"]
[SourceVersion "1"]
[SourceVersionDate "2023.10.10"]
[SourceQuality "1"]

1. e4 c5 2. Ne2 Nc6 3. Nbc3 g6 4. g3 Bg7 5. Bg2 e6 6. d3 Nge7 7. Be3 Nd4 8. Qd2 h5 9. h4 Rb8 10. Nd1 Nec6 11. c3 Nxe2 12. Qxe2 b6 13. Qd2 d5 14. exd5 exd5 15. Bg5 Qd6 16. Bf4 Be5 17. Bxe5 Qxe5+ 18. Qe3 Be6 19. f4 Qxe3+ 20. Nxe3 Ne7 21. a4 d4 22. cxd4 cxd4 23. Nc2 Nf5 24. Bc6+ Ke7 25. Bb5 Nxg3 26. Rg1 Nf5 27. Nb4 Kf6 28. Nc6 Rb7 29. Kd2 Rc7 30. Rac1 Rhc8 31. Ne5 Rxc1 32. Rxc1 Rxc1 33. Kxc1 Nxh4 34. Bc6 Nf5 35. Nf3 Ke7 36. Be4 Kd6 37. Bxf5 Bxf5 38. Nxd4 Bxd3 39. Kd2 Bf1 40. Nf3 Kc5 41. Kc3 Kd5 42. Nh2 Be2 43. Kd2 Bg4 44. Kd3 Bf5+ 45. Ke3 Kc4 46. Nf3 Kb4 47. Ne5 Kxa4 48. Nxf7 Kb3 49. Ne5 Kxb2 50. Nc6 a5 51. Nd4 a4 0-1

[Event "Opole AZS op 1st"]
[Site "Opole"]
[Date "2023.08.15"]
[Round "5"]
[White "Niedbala, Bartlomiej"]
[Black "Wilk, Aleksander"]
[Result "1-0"]
[WhiteElo "2302"]
[BlackElo "1682"]
[PlyCount "33"]
[EventDate "2023.08.15"]
[EventType "swiss (rapid)"]
[EventRounds "9"]
[EventCountry "POL"]
[SourceTitle "EXT 2024"]
[Source "ChessBase"]
[SourceDate "2023.10.10"]
[SourceVersion "1"]
[SourceVersionDate "2023.10.10"]
[SourceQuality "1"]

1. e4 Nf6 2. e5 Nd5 3. d4 d6 4. Nf3 dxe5 5. Nxe5 c6 6. Be2 g6 7. 0-0 Bg7 8. Nf3 0-0 9. h3 Nd7 10. c4 N5b6 11. Nc3 e5 12. Bg5 Qc7 13. d5 cxd5 14. cxd5 h6 15. Be7 Re8 16. Nb5 Qb8 17. Bd6 1-0

[Event "Wroclaw Anderssen Memorial op-B"]
[Site "Wroclaw"]
[Date "2023.??.??"]
[Round "2"]
[White "Wilk, Aleksander"]
[Black "Wieczorek, Mikolaj"]
[Result "1/2-1/2"]
[WhiteElo "1682"]
[BlackElo "1990"]
[PlyCount "81"]
[EventDate "2023.08.06"]
[EventType "swiss"]
[EventRounds "9"]
[EventCountry "POL"]
[SourceTitle "EXT 2024"]
[Source "ChessBase"]
[SourceDate "2023.10.10"]
[SourceVersion "1"]
[SourceVersionDate "2023.10.10"]
[SourceQuality "1"]

1. g3 Nf6 2. Bg2 g6 3. Nf3 Bg7 4. 0-0 0-0 5. d3 c5 6. Re1 d5 7. Nbd2 Nc6 8. e4 dxe4 9. dxe4 Be6 10. c3 h6 11. Qe2 Rc8 12. Nf1 Qa5 13. Nh4 Rfd8 14. f4 Bg4 15. Bf3 Bxf3 16. Nxf3 e6 17. N3d2 Qc7 18. Ne3 a6 19. e5 Nd5 20. Ne4 Nce7 21. Nc4 b6 22. Be3 Ra8 23. a4 Nxe3 24. Qxe3 Nd5 25. Qf2 Bf8 26. g4 Qc6 27. f5 exf5 28. gxf5 Bg7 29. e6 b5 30. exf7+ Kxf7 31. axb5 axb5 32. Rxa8 Rxa8 33. Ncd6+ Kg8 34. fxg6 Rf8 35. Qxc5 Qxc5+ 36. Nxc5 b4 37. Nf7 bxc3 38. bxc3 Bxc3 39. Rd1 Nf4 40. Nxh6+ Kg7 41. Nd7 1/2-1/2

[Event "Polanica Zdroj op-B 58th"]
[Site "Polanica Zdroj"]
[Date "2022.08.21"]
[Round "9"]
[White "Szydelko, Michal"]
[Black "Wilk, Aleksander"]
[Result "1/2-1/2"]
[WhiteElo "1833"]
[BlackElo "1569"]
[PlyCount "82"]
[EventDate "2022.08.13"]
[EventType "swiss"]
[EventRounds "9"]
[EventCountry "POL"]
[SourceTitle "CBM 210 Extra"]
[Source "ChessBase"]
[SourceDate "2022.11.30"]
[SourceVersion "1"]
[SourceVersionDate "2022.11.30"]
[SourceQuality "1"]

1. e4 e5 2. Nf3 Nf6 3. Nxe5 d6 4. Nf3 Nxe4 5. d4 d5 6. Bd3 Bd6 7. 0-0 0-0 8. c4 c6 9. Nc3 Nxc3 10. bxc3 h6 11. cxd5 cxd5 12. Rb1 Nc6 13. Bd2 Qc7 14. h3 Re8 15. Qb3 Rd8 16. Rfe1 Bf8 17. Ne5 b6 18. Bf4 Be6 19. Qc2 Nxe5 20. Bxe5 Bd6 21. Qd2 Bxe5 22. dxe5 Rac8 23. Re3 Kf8 24. Be2 Qc5 25. Rd1 Rc7 26. f4 Rcd7 27. Qd4 Qxd4 28. Rxd4 Ke7 29. g4 g6 30. Bd3 Rc7 31. f5 Bc8 32. fxg6 Rxc3 33. Rf3 fxg6 34. Rf6 Rc1+ 35. Kf2 Rh1 36. Kg2 Re1 37. Rxg6 Rxe5 38. Rxh6 Be6 39. Rh7+ Kd6 40. Rxa7 Re3 41. Bf1 Ke5 1/2-1/2

[Event "Polanica Zdroj op-B 58th"]
[Site "Polanica Zdroj"]
[Date "2022.08.16"]
[Round "4"]
[White "Wilk, Aleksander"]
[Black "Twardowski, Hubert"]
[Result "0-1"]
[WhiteElo "1569"]
[BlackElo "1849"]
[PlyCount "164"]
[EventDate "2022.08.13"]
[EventType "swiss"]
[EventRounds "9"]
[EventCountry "POL"]
[SourceTitle "CBM 210 Extra"]
[Source "ChessBase"]
[SourceDate "2022.11.30"]
[SourceVersion "1"]
[SourceVersionDate "2022.11.30"]
[SourceQuality "1"]

1. e4 e5 2. Nf3 Nc6 3. Bc4 Nf6 4. d3 Be7 5. c3 0-0 6. 0-0 d6 7. h3 Ne8 8. b4 Be6 9. Bxe6 fxe6 10. b5 Na5 11. Be3 Qd7 12. c4 b6 13. Nc3 Bf6 14. Rc1 c5 15. Qe2 Nc7 16. Bg5 Qe7 17. Bxf6 Qxf6 18. Qe3 h6 19. Rb1 Nb7 20. a4 Qf7 21. Rfe1 Ne8 22. Nd2 Kh7 23. g3 g5 24. Re2 Qh5 25. Kg2 Nf6 26. g4 Qg6 27. f3 Ng8 28. Rf1 Qf6 29. Ref2 Ne7 30. Ne2 Ng6 31. Nb3 a6 32. Ra1 a5 33. Raf1 Nd8 34. Rd1 Nf7 35. Rdf1 Nfh8 36. Nbc1 Ra7 37. Ng3 Nf4+ 38. Kh2 Nhg6 39. Nge2 Qd8 40. Nxf4 Rxf4 41. Ne2 Rf8 42. Ng3 Raf7 43. Nh5 d5 44. exd5 exd5 45. cxd5 Qxd5 46. Qe4 Rd7 47. Kg3 Qxd3 48. Qc6 Qd6 49. Rb1 Nf4 50. Qe4+ Qg6 51. Qxg6+ Kxg6 52. Nxf4+ Rxf4 53. Re1 Kf6 54. Rfe2 Rd5 55. Re4 Rxe4 56. fxe4 Rd3+ 57. Kg2 Rd4 58. Rf1+ Ke7 59. h4 gxh4 60. Rf5 Rxe4 61. Kh3 Rxa4 62. Rxe5+ Kf6 63. Rd5 Re4 64. Rf5+ Kg6 65. Rd5 Re6 66. Kxh4 Kf7 67. Rd7+ Kf6 68. Kh5 Ke5 69. Rc7 Kd5 70. Rc8 Kc4 71. Rc6 Re5+ 72. Kxh6 Kxb5 73. Rf6 a4 74. Rf5 Re1 75. g5 a3 76. Rf2 Rh1+ 77. Kg7 Rg1 78. g6 Kb4 79. Rf6 b5 80. Ra6 c4 81. Kf7 c3 82. g7 Rxg7+ 0-1

[Event "POL-chT3 Dolnoslaskie 1718"]
[Site "Poland"]
[Date "2018.04.08"]
[Round "11.9"]
[White "Wilk, Aleksander"]
[Black "Rutkowski, Bartlomiej"]
[Result "0-1"]
[WhiteElo "1279"]
[BlackElo "1494"]
[PlyCount "69"]
[EventDate "2017.10.08"]
[EventType "team-tourn"]
[EventRounds "11"]
[EventCountry "POL"]
[SourceTitle "EXT 2019"]
[Source "ChessBase"]
[SourceDate "2018.10.10"]
[SourceVersion "1"]
[SourceVersionDate "2018.10.10"]
[SourceQuality "1"]

1. e4 c6 2. d4 Qc7 3. Nc3 d6 4. Nf3 e5 5. Be2 Bg4 6. dxe5 dxe5 7. h3 Bh5 8. 0-0 Nf6 9. a3 Nbd7 10. Nd2 Bg6 11. Bd3 a6 12. Nb3 Bd6 13. Be3 b5 14. Re1 0-0 15. Nd2 Nc5 16. Qe2 Ne6 17. Nf3 c5 18. Nd5 Nxd5 19. exd5 e4 20. Bxe4 Bxe4 21. dxe6 fxe6 22. Ng5 Bd5 23. Qd3 Rf5 24. Ne4 c4 25. Qe2 Bxe4 26. c3 Bd3 27. Qg4 h5 28. Qd4 Raf8 29. Rad1 e5 30. Qh4 Qf7 31. Rd2 g5 32. Bxg5 Qg6 33. Be3 e4 34. g4 Rf3 35. Kg2 0-1